Riconosci la Squadra di calcio - Quiz n°217 - Statistics

Statistiche generali
  • Questo quiz è stato fatto 9 volte
  • Il punteggio medio è 8 su 9
Statistiche sulle risposte
Indizio Risposta % Corretto
Colori sociali Bianco e rosso
100%
Fondazione 1890
89%
Titoli nazionali 1 Titolo di Spagna
89%
Trofei nazionali 5 Coppe del Re 1 Supercoppe di Spagna
89%
Divisione nazionale 2023-2024 Prima
89%
Confederazione UEFA
89%
Capienza Stadio 42 714 posti
78%
Trofei internazionali 7 Coppe UEFA/Europa League 1 Supercoppe UEFA
78%
Squadra Siviglia
67%
Nessun quiz corrispondente trovato
Distribuzione punteggi
Percentuale di utenti per punteggio
Percentile per numero di risposta
I tuoi punteggi nel tempo
Non hai fatto questo quiz